Państwa bez wspólnych liter ze stolicami - Statystyki

Ogólne statystyki
  • Ten quiz został rozwiązany 17 razy
  • Średni wynik to 5 z 11
Statystyki odpowiedzi
Odpowiedź % Poprawnych
Czechy - Praga
63%
Peru - Lima
63%
Węgry - Budapeszt
63%
Cypr - Nikozja
56%
Gruzja - Tbilisi
50%
Liechtenstein - Vaduz
50%
Fidżi - Suva
44%
Kongo - Brazzaville
31%
Urugwaj - Montevideo
19%
Boliwia - Sucre
13%
Seszele - Victoria
13%
Nie znaleziono quizów pasujących do podanych kryteriów
Rozkład punktacji
Procent ludzi z każdym wynikiem
Percentyl według liczby udzielonych odpowiedzi
Twoja historia wyników
Nie rozwiązałeś tego quizu